000
00289nam a22001337a 4500
008
181024b xxu||||| |||| 00| 0 eng d
020
_a
00703312300
041
_a
eng
080
_2
4 ED
_a
610
100
_a
4
101
_a
SHM
245
_a
Clinical Ethics
_c
Jonsen.A.R
942
_2
udc
_c
BK
999
_c
50822
_d
50822